000 00672nam a2200217 a 4500
001 15093
003 CO-ViMGA
008 141112s2004 ck r 000 u spa d
020 _a9580215774
040 _aCO-ViMGA
_bspa
_cCO-ViMGA
082 0 4 _a372.357 F657
100 1 _aSalamanca Garnica, Magda Norelly
_921935
245 1 0 _aNuevo Investiguemos 3 :
_bCiencias naturales y de la salud
260 _aBogotá,
_cVoluntad,
_c2000
300 _a208.p.
505 _aLos seres vivos Ambiente La materia La energĂ­a La tierra y el universo Nuevo investiguemos 3
650 1 4 _aCIENCIAS NATURALES
_921936
650 1 4 _aECOLOGIA
_9445
650 1 4 _aUNIVERSO
942 _2ddc
_cBK
999 _c25509
_d25509